Inventory in Theory and Practice

Na minha lista:
Detalhes bibliográficos
Outros Autores: Chikán, Atilla
Formato: Livro
Idioma:inglês
Publicado em: Budapest Akadémiai Kiadó 1986
Edição:1. ed.
Tags: Adicionar Tag
Sem tags, seja o primeiro a adicionar uma tag!

MARC

LEADER 00000nam a2200000 4500
001 c028883
005 20221220073821.3
041 0 |a eng 
044 |a HU 
245 1 0 |a Inventory in Theory and Practice  |c Edit. Atilla Chikán 
250 |a 1. ed. 
264 1 |a Budapest  |b Akadémiai Kiadó  |c 1986 
300 |a 788 s. 
700 1 |a Chikán, Atilla